|
|
|
|
| LEADER |
00000cas a22000007a 4500 |
| 001 |
36506 |
| 003 |
CZ-ZlUTB |
| 005 |
20190826000737.0 |
| 007 |
ta |
| 008 |
841018c19809999at qr 0 a0eng |
| 022 |
|
|
|a 0725-6868
|
| 040 |
|
|
|a Uk
|c Uk
|d ZLD002
|
| 072 |
|
7 |
|a 316.4/.7
|x Sociální interakce. Sociální komunikace
|2 Konspekt
|9 18
|
| 080 |
|
|
|a 316.4/.7
|2 MRF
|
| 080 |
|
|
|a (050)
|2 MRF
|
| 245 |
0 |
0 |
|a Journal of intercultural studies :
|b an international journal
|
| 260 |
|
|
|a Abingdon :
|b Taylor & Francis,
|c 1980-
|
| 300 |
|
|
|a sv.
|
| 310 |
|
|
|a 4x ročně
|
| 650 |
0 |
7 |
|a interkulturní komunikace
|7 ph121149
|2 czenas
|
| 655 |
|
7 |
|a časopisy
|7 fd133947
|2 czenas
|
| 910 |
|
|
|a ZLD002
|r 2008-10
|t p
|
| 952 |
|
|
|0 0
|1 0
|4 0
|7 0
|8 ISSBD
|9 81718
|a UTBZL
|b UTBZL
|c 001
|d 2010-05-04
|h vol.29:no .1-4(2008)
|l 0
|p 36506-130
|r 2019-08-26 00:00:00
|w 2019-08-26
|y 01
|
| 952 |
|
|
|0 0
|1 0
|4 0
|7 0
|8 ISSBD
|9 81719
|a UTBZL
|b UTBZL
|c 001
|d 2010-05-04
|h vol.30:no .1-4(2009)
|l 0
|p 36506-140
|r 2019-08-26 00:00:00
|w 2019-08-26
|y 01
|
| 952 |
|
|
|0 0
|1 0
|4 0
|7 0
|8 ISSBD
|9 81720
|a UTBZL
|b UTBZL
|c 001
|d 2011-01-04
|h vol.31:no .1-5(2010)
|l 0
|p 36506-160
|r 2019-08-26 00:00:00
|w 2019-08-26
|y 01
|
| 992 |
|
|
|a SE
|
| 999 |
|
|
|c 36506
|d 36506
|